| 000 | 00696nam a22002417a 4500 | ||
|---|---|---|---|
| 005 | 20170124110242.0 | ||
| 010 | _a085460 | ||
| 020 | _c00.00 | ||
| 035 | _a085460 | ||
| 037 | _bCen Lib/Ret | ||
| 040 |
_aDPL _bEN |
||
| 082 |
_a659.12 _bGRA |
||
| 100 |
_aGray, Milner _995239 |
||
| 245 |
_aPackage design / _cby Milner Gray |
||
| 260 |
_aLondon _bThe studio Publications _c1955 |
||
| 270 |
_a66 Chandos place _bLondon |
||
| 300 |
_a128p. _c23cm(Hb) _bill. |
||
| 490 | _aThe how to do it series No. 59 | ||
| 500 | _aincludes bibliograbhical references and index | ||
| 650 |
_aPackaging _995240 |
||
| 650 |
_aCommercial arts _995241 |
||
| 942 |
_2ddc _cEN _h659.12 _mGRA |
||
| 999 |
_c135220 _d135220 |
||